000 00299nam a22001337a 4500
003 SGT
082 _a617.6
_bL10S
100 _aSINGH, NEETIKA
245 _aLASERS IN PEDIATRIC DENTISTRY
260 _aDELHI NCR
_bSGTU GURUGRAM
_c2010
300 _a1-100
650 _a PEDIATRICS
942 _2ddc
_cTH
999 _c17963
_d17963